|
|
|
|
| LEADER |
00000cam a2200000 7i4500 |
| 001 |
0000024415 |
| 005 |
20120511.0 |
| 008 |
120509s njud eng |
| 020 |
|
|
|a 0132344785 ,
|c RM210.00
|
| 040 |
|
|
|a INS
|
| 090 |
0 |
0 |
|a HD58.9
|b K36 2008
|
| 100 |
1 |
|
|a Kanazawa, Michael T.
|
| 245 |
1 |
0 |
|a Big ideas to big results :
|b remake and rechange your company,fast
|c Michael T. Kanazawa, Robert H. Miles
|
| 260 |
|
|
|a New Jersey :
|b FT Press ,
|c 2008
|
| 300 |
|
|
|a 239p. :
|b ill. ;
|c 24cm.
|
| 500 |
|
|
|a Includes index
|
| 650 |
|
0 |
|a Leadership
|
| 650 |
|
0 |
|a Organizational change
|
| 650 |
|
0 |
|a Organizational effectiveness
|
| 700 |
1 |
|
|a Miles, Robert H.
|
| 999 |
|
|
|a 1000000886
|b BOOK
|c Open Shelf
|e Default branch
|